| 000 -LEADER |
| fixed length control field |
00755cam a22002174a 4500 |
| 001 - CONTROL NUMBER |
| control field |
12364085 |
| 005 - DATE AND TIME OF LATEST TRANSACTION |
| control field |
20221105220624.0 |
| 008 - FIXED-LENGTH DATA ELEMENTS--GENERAL INFORMATION |
| fixed length control field |
010330s2016 paua 001 0 eng |
| 020 ## - INTERNATIONAL STANDARD BOOK NUMBER |
| International Standard Book Number |
9780323225526 1 |
| 041 ## - LANGUAGE CODE |
| Language code of text/sound track or separate title |
eng |
| 080 ## - UNIVERSAL DECIMAL CLASSIFICATION NUMBER |
| Universal Decimal Classification number |
618(059)+616 B-15 |
| 100 1# - MAIN ENTRY--PERSONAL NAME |
| Personal name |
Baggish, Michael S. |
| 9 (RLIN) |
8633 |
| 245 10 - TITLE STATEMENT |
| Title |
Atlas of pelvic anatomy and gynecologic surgery / |
| Statement of responsibility, etc. |
Michael S. Baggish, Mickey M. Karram ; illustrated by Joe Chovan. |
| 264 ## - PRODUCTION, PUBLICATION, DISTRIBUTION, MANUFACTURE, AND COPYRIGHT NOTICE |
| Place of production, publication, distribution, manufacture |
Philadelphia, Pa. : |
| Name of producer, publisher, distributor, manufacturer |
W.B. Saunders, |
| Date of production, publication, distribution, manufacture, or copyright notice |
2016. |
| 300 ## - PHYSICAL DESCRIPTION |
| Extent |
1382 p. : |
| Other physical details |
ill. (chiefly col.) ; |
| Dimensions |
31 cm. |
| 653 ## - INDEX TERM--UNCONTROLLED |
| keyword |
გინეკოლოგია |
| 653 ## - INDEX TERM--UNCONTROLLED |
| keyword |
მედიცინა |
| 653 ## - INDEX TERM--UNCONTROLLED |
| keyword |
ქირურგია |
| 700 1# - ADDED ENTRY--PERSONAL NAME |
| Personal name |
Karram, Mickey M. |
| 9 (RLIN) |
8639 |
| Relator term |
ავტორი |
| 942 ## - ADDED ENTRY ELEMENTS (KOHA) |
| Source of classification or shelving scheme |
|
| Koha item type |
წიგნი |